| 000 | 00591nam a22002057a 4500 | ||
|---|---|---|---|
| 005 | 20170124110131.0 | ||
| 010 | _aA-898582 | ||
| 020 |
_c80.00 _a8175640995 |
||
| 035 | _aA-898582 | ||
| 037 | _bCen Lib/Ret | ||
| 040 |
_aDPL _bEN |
||
| 082 |
_a910.03 _bDIC |
||
| 245 |
_aDictionary of Geography / _ccompiled by Ashok Arora |
||
| 260 |
_aNew Delhi _bSahni Publications _c1997 |
||
| 270 |
_aE 4/26, Model Town _bDelhi _e110009 |
||
| 300 |
_a455p. _c20cm(Hb) |
||
| 650 |
_aGeography--dictionary _932250 |
||
| 700 |
_aArora, Ashok _934288 |
||
| 942 |
_2ddc _cEN _h910.03 _mDIC |
||
| 999 |
_c131606 _d131606 |
||